MARC details
| 000 -LEADER |
| fixed length control field |
03479nam a2200433Ia 4500 |
| 001 - CONTROL NUMBER |
| control field |
bslw09238509 |
| 003 - CONTROL NUMBER IDENTIFIER |
| control field |
UtOrBLW |
| 005 - DATE AND TIME OF LATEST TRANSACTION |
| control field |
20210303085116.0 |
| 006 - FIXED-LENGTH DATA ELEMENTS--ADDITIONAL MATERIAL CHARACTERISTICS |
| fixed length control field |
m o d |
| 007 - PHYSICAL DESCRIPTION FIXED FIELD--GENERAL INFORMATION |
| fixed length control field |
cr un||||||||| |
| 008 - FIXED-LENGTH DATA ELEMENTS--GENERAL INFORMATION |
| fixed length control field |
140618s2014 enka o 001 0 eng d |
| 020 ## - INTERNATIONAL STANDARD BOOK NUMBER |
| International Standard Book Number |
9781781907375 (electronic bk.) : |
| Terms of availability |
£22.95 ; É28.95 ; $35 |
| 040 ## - CATALOGING SOURCE |
| Original cataloging agency |
UtOrBLW |
| 050 #4 - LIBRARY OF CONGRESS CALL NUMBER |
| Classification number |
JA76 |
| Item number |
.C36 2014 |
| 072 #7 - SUBJECT CATEGORY CODE |
| Subject category code |
JFC |
| Source |
bicssc |
| 072 #7 - SUBJECT CATEGORY CODE |
| Subject category code |
JPA |
| Source |
bicssc |
| 072 #7 - SUBJECT CATEGORY CODE |
| Subject category code |
POL038000 |
| Source |
bisacsh |
| 080 ## - UNIVERSAL DECIMAL CLASSIFICATION NUMBER |
| Universal Decimal Classification number |
323.2 |
| 082 04 - DEWEY DECIMAL CLASSIFICATION NUMBER |
| Classification number |
306.2 |
| Edition number |
23 |
| 245 00 - TITLE STATEMENT |
| Title |
Can Tocqueville karaoke? |
| Medium |
[electronic resource] / |
| Statement of responsibility, etc. |
edited by Terry Nichols Clark. |
| 260 ## - PUBLICATION, DISTRIBUTION, ETC. |
| Place of publication, distribution, etc. |
Bingley, U.K. : |
| Name of publisher, distributor, etc. |
Emerald, |
| Date of publication, distribution, etc. |
2014. |
| 300 ## - PHYSICAL DESCRIPTION |
| Extent |
1 online resource (vi, 250 p.) : |
| Other physical details |
ill. |
| 490 1# - SERIES STATEMENT |
| Series statement |
Research in urban policy, |
| International Standard Serial Number |
1479-3520 ; |
| Volume/sequential designation |
v. 11 |
| 500 ## - GENERAL NOTE |
| General note |
Includes index. |
| 505 0# - FORMATTED CONTENTS NOTE |
| Formatted contents note |
Introduction / Terry Nichols Clark -- Karaoke together vs. bowling alone : scenes illuminate how Western rules can be transformed to drive development and democracy / Terry Nichols Clark ... [et al.] -- Voluntary associations, social inequality, and participatory democracy in the United States and Korea / Seokho Kim -- Citizen participation in Seoul, Tokyo, and Chicago / Wonho Jang, Terry Nichols Clark, Miree Byun -- From bowling alone to Karate together (USA to Asia) : preliminary claims & findings / Joseph E. Yi -- Civic and arts activities can energize politics, France and Europe / Daniel J. DellaPosta ... [et al.] -- Cultural strategies, creativity, and local development in Spain / María Jesús Rodríguez-García, Cristina Mateos Mora, Clemente J. Navarro Yáñez -- (Re)defining bohemia in Seoul, Tokyo, and Chicago / Wonho Jang, Terry Nichols Clark, Miree Byun -- Was Tocqueville wrong? Buzz as charisma, creativity, and glamour; new sources of political legitimacy supplementing voting, and civic participation / Terry Nichols Clark, Filipe Carreira da Silva -- Buzz : a theory, illustrated in Toronto and Chicago / Daniel Silver, Terry Nichols Clark -- Culture is on the rise : why? Theories of cultural participation and empirical evidence / Terry Nichols Clark, Peter Achterberg -- How context transforms citizen participation : propositions / Filipe Carreira da Silva, Terry Nichols Clark -- The contextual effect of local scenes on cultural practices : the case of Spain / Clemente J. Navarro Yáñez, María Jesús Rodríguez-García -- Global contexts of politics and arts participation / Terry Nichols Clark, Filipe Carreira da Silva, Susana L. Farinha Cabaço. |
| 520 ## - SUMMARY, ETC. |
| Summary, etc. |
This volume questions the importance of arts and culture and their possible impact on politics and the economy. Chapters outline a new framework for analysis of democratic participation and economic growth and explore how these new patterns work around the world. The ideas of Alexis de Tocqueville and Joseph Schumpeter and Jane Jacobs are analysed. |
| 588 0# - SOURCE OF DESCRIPTION NOTE |
| Source of description note |
Print version record |
| 600 10 - SUBJECT ADDED ENTRY--PERSONAL NAME |
| Personal name |
Tocqueville, Alexis de, |
| Dates associated with a name |
1805-1859. |
| 600 10 - SUBJECT ADDED ENTRY--PERSONAL NAME |
| Personal name |
Schumpeter, Joseph A., |
| Dates associated with a name |
1883-1950. |
| 600 10 - SUBJECT ADDED ENTRY--PERSONAL NAME |
| Personal name |
Jacobs, Jane, |
| Dates associated with a name |
1916-2006. |
| 650 #7 - SUBJECT ADDED ENTRY--TOPICAL TERM |
| Topical term or geographic name entry element |
Political Science |
| General subdivision |
Public Policy |
| -- |
Cultural Policy. |
| Source of heading or term |
bisacsh |
| 650 #7 - SUBJECT ADDED ENTRY--TOPICAL TERM |
| Topical term or geographic name entry element |
Cultural studies. |
| Source of heading or term |
bicssc |
| 650 #7 - SUBJECT ADDED ENTRY--TOPICAL TERM |
| Topical term or geographic name entry element |
Political science & theory. |
| Source of heading or term |
bicssc |
| 650 #0 - SUBJECT ADDED ENTRY--TOPICAL TERM |
| Topical term or geographic name entry element |
Political science. |
| 700 1# - ADDED ENTRY--PERSONAL NAME |
| Personal name |
Clark, Terry Nichols, |
| Dates associated with a name |
1940- |
| 776 1# - ADDITIONAL PHYSICAL FORM ENTRY |
| International Standard Book Number |
9781781907368 |
| 830 #0 - SERIES ADDED ENTRY--UNIFORM TITLE |
| Uniform title |
Research in urban policy ; |
| Volume/sequential designation |
v. 11. |
| 856 40 - ELECTRONIC LOCATION AND ACCESS |
| Uniform Resource Identifier |
<a href="https://www.emerald.com/insight/publication/doi/10.1108/S1479-3520201411">https://www.emerald.com/insight/publication/doi/10.1108/S1479-3520201411</a> |